000 00465nam a22001697a 4500
005 20260421095344.0
008 260421b |||||||| |||| 00| 0 eng d
020 _a978-81-203-4952-0
050 _aQA 184 .M37 2014
100 _aMARWAHA, ALKA
245 _aAN INTRODUCTION TO LINEAR ALGEBRA
260 _aDELHI,
_bPHI LEARNING PRIVATE LIMITED,
_c 2014
300 _aXI, 296 P, ILL
500 _aINCLUDES INDEX
650 _aLINEAR ALGEBRA,
942 _2lcc
_cBK
999 _c217033
_d217033